[Event "Madrid Magistral 7th"]
[Site "Madrid"]
[Date "1998.05.20"]
[Round "8"]
[White "Anand, Viswanathan"]
[Black "Granda Zuniga, Julio E"]
[Result "1-0"]
[WhiteElo "2770"]
[BlackElo "2630"]
[Annotator "Avrukh,B"]
[PlyCount "77"]
[EventDate "1998.05.11"]
[EventType "tourn"]
[EventRounds "9"]
[EventCountry "ESP"]
[EventCategory "17"]
[SourceTitle "CBM 065"]
[Source "ChessBase"]
[SourceDate "1998.08.06"]
[SourceVersion "1"]
[SourceVersionDate "1998.08.06"]
[SourceQuality "1"]

{[%mdl 236]} 1. d4 Nf6 2. c4 e6 3. Nf3 b6 4. g3 Ba6 5. b3 d5 6. Bg2 Bb4+ 7. Bd2
Bd6 (7... Bxd2+ 8. Qxd2 (8. Nbxd2 O-O (8... c5 9. dxc5 bxc5 10. O-O O-O 11. Re1
Nc6 12. cxd5 exd5 {[%csl Rc5,Rd5]} 13. Rc1 Qb6 14. Qc2 Nb4 15. Qxc5 Nxa2 (15...
Qxc5 16. Rxc5 Nxa2 17. Nd4 $14) 16. Qxb6 axb6 17. Rc6 Rab8 $2 (17... Rfb8 18.
Nd4 $14) 18. Ra1 Nb4 19. Rxf6 $1 gxf6 20. Ra4 $16 {1-0 Nikolic,P-Yudasin,L/
Tilburg 1993 (31)}) 9. O-O Nbd7 (9... c5 10. Rc1 Nbd7 11. Re1 Bb7 12. cxd5 exd5
13. Qc2 Re8 14. Qb2 Qe7 15. e3 a5 $11 {0-1 Tischer,G-Eismont,O/Biel op 1994 
(36)}) 10. Rc1 c5 11. cxd5 exd5 12. Re1 Re8 13. e3 Rc8 14. Bh3 Rc7 15. Bf1 {
1/2-1/2 Alterman,B-Yudasin,L/Haifa 1995}) 8... O-O 9. O-O Qe7 10. cxd5 exd5 11.
Nc3 Bb7 12. Rac1 Na6 13. Rfd1 Rfd8 14. Qb2 c5 15. e3 Nc7 16. dxc5 bxc5 17. Qa3
Na6 $11 {1/2-1/2 Chernin,A-Razuvaev,Y/Tilburg 1994 (23)}) 8. Nc3 (8. Bc3 O-O 9.
O-O Bb7 10. Nbd2 Na6 11. cxd5 exd5 {1/2-1/2 Pares Vives,J-Garcia Ilundain,D/
Terrassa op 1994}) 8... c6 $2 $146 (8... Nbd7 9. e4 $1 c5 (9... Nxe4 10. Nxe4
dxe4 11. Ng5 $14) 10. exd5 exd5 11. Qe2+ Kf8 (11... Be7 12. Ne5 $1 Bb7 13. dxc5
(13. Nxd5 Nxd5 14. cxd5 Nxe5 15. Qxe5 O-O $11 {[%cal Ge7f6]}) 13... Nxc5 14.
Nxd5 Nxd5 15. cxd5 O-O (15... Bxd5 16. Nc6 $16) 16. Rd1 $16) 12. O-O Qc7 13.
dxc5 bxc5 14. Qd3 $6 (14. Rfe1 $1 Nb6 (14... d4 15. Nb5 Bxb5 16. cxb5 Re8 17.
Qd3 $16) (14... Re8 15. Qd3) 15. Bg5 $1) 14... Nb6 15. Nb5 Bxb5 16. cxb5 h6 17.
Nh4 g6 18. a4 Kg7 19. a5 Nbd7 20. Rfe1 Rab8 {and black is O.K. Nestorovic,
D-Rajkovic,D/Belgrade GMA 1988/1/2-1/2 (54)}) (8... Bb7 $5) 9. O-O O-O 10. e4
$1 Nxe4 11. Nxe4 dxe4 12. Ng5 Be7 13. Nxe4 Nd7 (13... f5 14. Nc3 Qxd4 15. Qe2 (
15. Nb5 $5 Bxb5 (15... cxb5 16. Bxa8 bxc4 17. Be3 $14) 16. cxb5 Rd8 17. Bf4 $16
) 15... e5 16. Nd5 $1 $16) (13... Qxd4 14. Qh5 $1 {[%cal Gd2c3]} (14. Bc3 Qxd1
15. Rfxd1 $44) 14... f5 (14... g6 {[%csl Rf6,Rg7,Rh8]} 15. Qh3 f5 16. Bc3 Qd8
17. Rad1 (17. Qh6 Rf7 18. Rad1 Qf8 19. Qxf8+ Rxf8 20. Nd6 Rd8 21. Nb5 $1 $16)
17... Qc7 18. Qh6 e5 19. Ng5 Bxg5 20. Qxg5 Nd7 21. Qe7 Rf7 22. Qe6 $1 e4 23.
Rd6 Nc5 24. Qe5 $16) 15. Bc3 Qd7 16. Ng5 Bxg5 17. Qxg5 h6 18. Qe3 $16 {[%csl
Ra6,Rb8]}) 14. Bf4 $16 Nf6 (14... b5 15. c5 $1 b4 16. Re1 Bb5 17. Bd6 $1 $16)
15. Qc2 Rc8 16. Rfd1 h6 17. a4 $1 {[%csl Ra6][%cal Ga4a5]} Nxe4 18. Bxe4 Bf6
19. Be5 Qe7 20. a5 b5 21. c5 {[%cal Ge5d6]} Rfd8 22. b4 {[%csl Ra6] white's
position is straregically winning ,because of black,s bishop on a6 and white's
victory only the question of time.} Rd7 (22... Bxe5 23. dxe5 $18 {[%cal Gd1d6]}
) 23. Ra3 Qd8 24. Rdd3 Be7 (24... Bb7 25. a6 $1 Ba8 $18 {[%csl Ra8]}) 25. Qd1
Bf8 26. g4 Rd5 (26... f6 27. Bg3 {[%csl Rg6,Rh7]}) 27. h4 $1 Qxh4 28. Bxd5 cxd5
29. g5 $1 Qxg5+ (29... hxg5 30. Rh3 Qe4 31. Qh5 f6 32. Bxf6 $1 (32. Rae3 Qf5
33. Ref3 {also win.}) 32... gxf6 (32... Qb1+ 33. Kh2 gxf6 34. Qh8+ Kf7 35. Rh7+
Kg6 36. Qg8+ Kf5 37. Rf3+ Ke4 38. Qg6+ $18) 33. Rae3 (33. Qh8+ Kf7 34. Rh7+ Kg6
$1 (34... Ke8 35. Qg8 $18) 35. Qg8+ Kf5 36. Rxa7 Qb1+ 37. Kg2 (37. Kh2 $2 Bd6+
38. cxd6 Rxg8) 37... Qe4+ $11) 33... Qb1+ 34. Kg2 Bg7 35. Rxe6 $18) 30. Rg3 Qf5
31. Raf3 Qh7 32. Qe2 {[%csl Gb5]} (32. Rf6 Be7 $1 (32... Bb7 33. Qh5 Qb1+ 34.
Kh2 g6 35. Rgxg6+ fxg6 36. Rxg6+ Kh7 37. Rxh6+ $1 {with mate.}) 33. Rf4 Bg5)
32... g5 (32... Qb1+ 33. Kh2 Qe4 34. Qd2 {[%cal Gd2h6]}) (32... Rc6 33. Kh2 Rc8
34. Rf4 {with idea 35Bg7-Bg736Rfg4 + -} g6 35. Bf6 {[%cal Ge2e5]} Bg7 36. Qe5
$18) 33. Bf6 $1 Qb1+ 34. Kh2 Qe4 35. Qd2 Bg7 36. Bxg5 $1 hxg5 37. Qxg5 Qh7+ 38.
Kg2 Re8 39. Qf6 {after 39...Kh840Qf7-Rg841Rg4 white wins easily.} 1-0

[Event "RUS-chT 05th"]
[Site "Maikop"]
[Date "1998.06.03"]
[Round "1"]
[White "Iljushin, Alexei"]
[Black "Epishin, Vladimir"]
[Result "1/2-1/2"]
[WhiteElo "2460"]
[BlackElo "2590"]
[Annotator "Avrukh,B"]
[PlyCount "67"]
[EventDate "1998.06.03"]
[EventType "team-tourn"]
[EventRounds "11"]
[EventCountry "RUS"]
[SourceTitle "CBM 066"]
[Source "ChessBase"]
[SourceDate "1998.09.30"]
[SourceVersion "1"]
[SourceVersionDate "1998.09.30"]
[SourceQuality "1"]
[WhiteTeam "Saratov GShK"]
[BlackTeam "Sankt Petersburg"]
[WhiteTeamCountry "RUS"]
[BlackTeamCountry "RUS"]

1. d4 Nf6 2. c4 e6 3. Nf3 b6 4. g3 Ba6 5. b3 Bb4+ 6. Bd2 Be7 7. Bg2 c6 8. Bc3
d5 9. Nbd2 O-O 10. Ne5 Bb7 $1 $146 (10... Nfd7 11. Nd3 b5 (11... Bb7 12. e4 (
12. O-O c5 13. cxd5 exd5 14. dxc5 bxc5 15. Rc1 Na6 16. e4 $14 {Horvath,
C-Kustar,S/Zalakaros op 1992 (39)}) 12... dxc4 (12... Na6 13. O-O Rc8 14. Qe2
Nc7 15. Bb4 Bxb4 16. Nxb4 c5 $132 {Belakovskaia,A-Epstein,E/USA-chW 1996/1/2-1/
2 (54)}) 13. Nxc4 c5 14. dxc5 Nxc5 15. Nxc5 Bxc5 16. O-O Qe7 17. Qg4 $14 {
Titov,G-Slabek,A/Katowice op 1991 (40)}) (11... Nf6 12. O-O (12. Ne5 Nfd7 13.
Nd3 Nf6 14. Ne5 {1/2-1/2 Temirbaev,S-Novikov,I/URS-FL 1986}) 12... Nbd7 13. e4
Rc8 14. Re1 c5 15. exd5 exd5 16. dxc5 bxc5 (16... Nxc5 17. Nb4 Bb7 18. cxd5 Nd3
$1 19. Nxd3 Rxc3 20. Nf4 Bd6 $14 {Horvath,J-Tunik,G/Budapest GM 1992/1/2-1/2 
(60)}) 17. Qc2 (17. Qe2 Re8 18. Bxd5 Nxd5 19. cxd5 Nf6 20. Bxf6 Bxf6 21. Qxe8+
Qxe8 22. Rxe8+ Rxe8 23. Re1 Rxe1+ $44 {Lputian,S-Portisch,L/Manila izt 1990 
(50)}) 17... d4 18. Bb2 Bd6 19. Re2 Qc7 $132 {Novikov,I-Gurevich,V/Ukraina-chT
1991/1/2-1/2 (48)}) 12. O-O bxc4 13. bxc4 Bxc4 14. Nxc4 dxc4 15. Nb2 Nb6 16. e4
$44 {Lalev,D-Farago,I/Albena 1983 (38)}) 11. O-O Nbd7 (11... c5 $5 12. dxc5 (
12. e3 Nbd7 13. Nxd7 Qxd7 14. dxc5 bxc5 15. cxd5 $1 exd5 (15... Nxd5 $2 16. Nc4
$16) 16. Nf3 Ne4 17. Bb2 Qe6 $10) (12. Rc1 cxd4 $1 13. Bxd4 Nc6 14. Nxc6 Bxc6
15. Nf3 dxc4 16. Rxc4 Bd5 $10) 12... Bxc5 13. Qc2 Na6 14. Rfd1 Rc8 $13) 12. e4
(12. Ndf3 c5 13. Nxd7 Nxd7 $10) (12. Nxd7 $1 Qxd7 (12... Nxd7 13. e4 dxc4 14.
Nxc4 c5 15. d5 $1 exd5 16. exd5 Bf6 17. Rc1 Bxc3 18. Rxc3 Qf6 19. Re3 $14) 13.
e4 Nxe4 14. Nxe4 dxe4 15. Bxe4 c5 16. Bxb7 Qxb7 17. dxc5 Bxc5 18. Qg4 $14)
12... a5 $5 13. Re1 Nxe5 {After this move all the major pieces quickly
disappear from the board.} 14. dxe5 Nxe4 15. Nxe4 (15. Bxe4 dxe4 16. Nxe4 Qxd1
17. Raxd1 Rfd8 18. f3 c5 19. a4 $11) 15... dxe4 16. Bxe4 Qxd1 17. Rexd1 Rfd8
18. Kf1 Rxd1+ 19. Rxd1 Rd8 20. Rxd8+ Bxd8 $11 {The arising endgame is
absolutely equal despite of the fact that white has a huge advantage in space.}
21. Ke2 Kf8 22. a3 (22. h4 $5 h5 23. f3 Ke8 24. Be1 Bc7 $1 (24... Kd7 25. g4
hxg4 26. fxg4 Ba6 27. h5 a4 28. Bd2 $14 {[%cal Gg4g5,Gh5h6]}) 25. Bc3 Bd8 $11)
22... g6 23. b4 axb4 24. axb4 Ke8 25. Kd3 (25. f4 h5 26. h3 Kd7 27. g4 hxg4 28.
hxg4 Ba6 29. Kd3 b5 $11) 25... Kd7 26. h4 Be7 27. f4 Kc7 28. Ke3 (28. Be1 h5 $1
$11) 28... Ba6 29. Kd3 b5 30. c5 Bxc5 $5 31. bxc5 b4+ 32. Kd4 bxc3 33. Kxc3 Be2
34. Kb4 1/2-1/2

[Event "YUG-ch53"]
[Site "Belgrade "]
[Date "1998.03.16"]
[Round "3"]
[White "Ilincic, Zlatko"]
[Black "Knezevic, Bojan"]
[Result "1-0"]
[WhiteElo "2565"]
[BlackElo "2420"]
[Annotator "Avrukh,B"]
[PlyCount "72"]
[EventDate "1998.03.14"]
[EventType "tourn"]
[EventRounds "15"]
[EventCountry "YUG"]
[EventCategory "10"]
[SourceTitle "CBM 064"]
[Source "ChessBase"]
[SourceDate "1998.06.02"]
[SourceVersion "1"]
[SourceVersionDate "1998.06.02"]
[SourceQuality "1"]

1. d4 {Oratovsky,M,Finkel,A} Nf6 2. c4 e6 3. Nf3 b6 4. g3 Ba6 5. b3 b5 6. cxb5
Bxb5 7. Bg2 Bb4+ 8. Bd2 a5 9. Bxb4 $1 {This move seems to be refutation of the
whole variation:white wins a pawn while all attempts of black to create
counterplay just don't work out!} (9. O-O O-O (9... Bc6 10. Nc3 (10. a3 Be7 11.
Nc3 Qc8 12. Bg5 Qb7 13. Qc2 Ra6 14. Bxf6 Bxf6 15. e4 O-O 16. Rfd1 d6 $13 {
Gallego,V-Rajkovic,D/Madrid-B 1994 (33)}) 10... O-O (10... Qc8 $5 11. Qc2 Qb7
12. Ne1 Bxg2 13. Nxg2 O-O 14. Bg5 Bxc3 15. Qxc3 Ne4 16. Qf3 d5 17. Be3 Nd7 $15
{Garcia Trobat,F-Granda Zuniga,J/Rapidplay, Villarrobledo ESP 1997 (37)}) 11.
Qc2 Qc8 12. Ne5 $6 Bxg2 13. Kxg2 c5 14. Qd3 cxd4 15. Qxd4 d6 16. Nc4 Nc6 $36 {
Livshits-Olafsson/32nd Chess Olympiad, Yerevan 1996 (33)}) 10. a3 Be7 11. Nc3
Ba6 12. Qc2 d5 13. Rfc1 Nbd7 14. e4 c5 15. exd5 exd5 16. Be3 $14 {Karpov,
A-Christiansen,L/Wijk match-activ 1993 (33)}) (9. Ne5 c6 10. Nc3 Ba6 11. Qc2
O-O 12. Na4 Bb5 13. Nc3 Ba6 14. Na4 Bb5 $11 {Arkell,K-Adams,M/Dublin zt 1993/1/
2-1/2 (53)}) 9... axb4 10. Qd2 Qe7 {Other moves also don't give black the
opportunity to get any compensation for a pawn.} (10... Nc6 11. Qg5 Ra5 12.
Qxg7 Rg8 13. Qh6 Rg6 {[%cal Gd8a8]} 14. Qd2 $16) (10... Nd5 11. e4 Nf6 12. Qg5
$1 Bd3 13. e5 Nd5 14. Qxg7 Rf8 15. Ng5 $1 Nc6 16. Nxh7 Bxh7 17. Qxh7 Nxd4 18.
Qd3 $16) 11. Qg5 $1 c5 12. Qxg7 (12. dxc5 $6 h6 $1 13. Qe3 Nd5 14. Qd4 O-O {
[%cal Gb8c6]} 15. Ne5 Nc6 16. Nxc6 dxc6 $44) (12. Qxc5 $6 Qxc5 13. dxc5 Bc6 14.
Nbd2 Ra5 $11) 12... Rg8 13. Qh6 c4 14. bxc4 (14. Nfd2 $2 Bc6 (14... cxb3 15.
Nxb3 $16) (14... c3 15. Bxa8 cxd2+ 16. Nxd2 d5 17. Qf4 $18) 15. Bxc6 Nxc6 16.
Nxc4 Nxd4 $17 {[%cal Rd4b3,Rd4c2]}) 14... Bxc4 15. Qd2 Bd5 (15... b3 16. Nc3
$16 {[%cal Gf3e5]}) 16. Qb2 $16 {The opening is over and we can see that
black's initiative didn't give any visiable results.} Nc6 17. O-O Kf8 18. Nbd2
Ne4 (18... Kg7 $2 19. e4 Nxe4 20. Nxe4 Bxe4 21. d5+ $18) 19. Nxe4 Bxe4 20. Rfc1
Qd6 21. e3 Ra5 22. Nd2 Bxg2 23. Kxg2 Qd5+ 24. f3 f5 25. Nb3 Rb5 (25... Ra3 26.
Rc5 Qd6 27. Nd2 $18 {[%cal Gd2c4]}) 26. Qe2 {Making the final preparation for
e4.} Ke7 27. Rc2 Na5 28. Nc5 Rbb8 29. e4 $1 $18 fxe4 30. fxe4 Qg5 (30... Qxd4
31. Rd1 $18 {[%csl Rd7]}) 31. d5 Qe5 32. Rd1 b3 33. axb3 Nxb3 34. d6+ Ke8 35.
Nxb3 Rxb3 36. Rc8+ Kf7 1-0

[Event "Keres Memorial"]
[Site "Tallinn/Parnu"]
[Date "1998.06.22"]
[Round "4"]
[White "Morovic Fernandez, Ivan"]
[Black "Adianto, Utut"]
[Result "1/2-1/2"]
[WhiteElo "2600"]
[BlackElo "2615"]
[Annotator "Avrukh,B"]
[PlyCount "51"]
[EventDate "1998.06.19"]
[EventType "tourn"]
[EventRounds "9"]
[EventCountry "EST"]
[EventCategory "15"]
[SourceTitle "CBM 066"]
[Source "ChessBase"]
[SourceDate "1998.09.30"]
[SourceVersion "1"]
[SourceVersionDate "1998.09.30"]
[SourceQuality "1"]

1. d4 Nf6 2. c4 e6 3. Nf3 b6 4. g3 Ba6 5. b3 Bb4+ 6. Bd2 Be7 7. Bg2 c6 8. Bc3
d5 9. Nbd2 (9. Ne5 {is more popular.}) 9... Nbd7 10. O-O O-O 11. Qc2 Rc8 (11...
b5 $6 12. c5 $1 (12. Ne5 $6 Nxe5 13. dxe5 Nd7 14. cxd5 cxd5 15. Nf3 b4 16. Bd4
Qa5 $1 $15 {[%cal Gf8c8]}) (12. Bb2 dxc4 13. bxc4 bxc4 14. Nxc4 c5 15. Nfe5
Nxe5 16. Nxe5 (16. dxe5 Nd5) 16... Rc8 17. Nc6 cxd4 18. Rfd1 Bb7 19. Rxd4 Nd5
20. Nxe7+ Qxe7 $11) 12... b4 13. Bxb4 Bxe2 14. Rfe1 Ba6 15. Bc3 $14 {[%cal
Gb3b4,Ga2a4]}) 12. Qb2 (12. e4 b5 (12... dxe4 13. Nxe4 Nxe4 14. Qxe4 Nf6 15.
Qe3 c5 16. Rad1 $14) 13. e5 Ne8 14. c5 $5 b4 15. Bxb4 Bxf1 16. Bxf1 Rb8 17. Bc3
f6 18. b4 (18. exf6 {was necessary.} Bxf6 19. Re1 Nc7 20. Bd3 $44) 18... a5 $1
19. a3 Nc7 20. Rc1 axb4 21. axb4 f5 $1 $17 {0-1 Arbakov,V-Sax,G/Muenster op
1996 (45)}) (12. Rad1 $6 b5 13. Rfe1 c5 (13... bxc4 14. bxc4 dxc4 15. e4 $44)
14. e4 $2 (14. cxb5 Bxb5 15. Qb2 $11) 14... bxc4 15. dxc5 cxb3 16. Nxb3 Nxc5
17. Bxf6 Bxf6 18. Nxc5 Qb6 19. Rc1 Be7 $17 {0-1 Zielinska,M-Litinskaya,M/
Warsaw op-W 1996 (34)}) (12. Rfe1 c5 (12... b5 $2 13. c5) 13. Qb2 cxd4 14. Nxd4
e5 15. Nc2 d4 16. Bb4 Nc5 17. Qa3 $5 Qd6 18. Rad1 Rc7 19. Qxa6 Nxa6 20. Bxd6
Bxd6 21. e3 Nb4 (21... d3 22. Ne4 $1) 22. Nxb4 Bxb4 $11 {1/2-1/2 Hebden,
M-Chandler,M/London WFW 1990 (25)}) 12... c5 13. Rac1 (13. dxc5 Bxc5 14. Rad1
Qe7 $15) 13... cxd4 $146 (13... dxc4 14. bxc4 (14. Nxc4 $6 Ne4 15. Rfd1 (15.
Nfe5 $6 Nxc3 16. Qxc3 cxd4 17. Qxd4 Nxe5 18. Qxe5 Rc5 $1 $15) 15... Bf6 $15)
14... Qc7 (14... cxd4 15. Nxd4 {[%csl Rc6]}) 15. Rfd1 Rfd8 16. e3 Bb7 $11) (
13... Bb7 $143 14. Ne5 $1 Qc7 15. dxc5 Nxc5 16. cxd5 exd5 {[%csl Gd5]} 17. Bh3
Rcd8 18. Ng4 (18. Nef3 $1 {[%cal Gc3e5,Gb3b4]} Bc8 19. Be5 Qb7 20. Bg2 $14)
18... d4 $1 19. Bxd4 Qc6 20. Nf3 Nxg4 21. Bxg4 Qe4 $44 22. Bxc5 {1/2-1/2
Farago,I-Lingnau,C/Muenster op 1996}) 14. Bxd4 (14. Nxd4 $5 e5 15. Nc2 dxc4 (
15... d4 $6 16. Bb4 {[%csl Ra6][%cal Gb2a3]} Nc5 $140 $2 17. Qa3 Qd6 18. Qxa6
$1 Nxa6 19. Bxd6 Bxd6 20. Bb7 $18) 16. Nxc4 Bxc4 17. bxc4 Rxc4 (17... Bc5 18.
Nb4 $1) 18. Ne3 $1 (18. Bxe5 Nxe5 19. Qxe5 Bc5 $15) 18... Rc7 (18... Rc5 19.
Nf5 Re8 20. Rfd1 $44) 19. Bxe5 $11) 14... dxc4 15. Nxc4 Bxc4 16. bxc4 Bc5 $10
17. e3 Qe7 18. Qb3 Rc7 (18... e5 $5 19. Bb2 (19. Bxc5 $2 Nxc5 20. Qc2 Rfd8 $15)
19... Rfd8 20. Rfd1 $10) 19. Bb2 Bd6 $1 {[%cal Gd7c5]} 20. Nd4 Nc5 21. Qc2 Rfc8
$8 (21... a6 $2 22. Nc6 Qd7 23. Ne5 $1 Qa4 24. Rfd1 $1 Qxc2 25. Rxc2 $14) 22.
Rfd1 (22. Nb5 Rd7 23. Nxd6 Rxd6 24. Rfd1 Rcd8 $11) 22... a6 23. Ba1 h6 24. Qd2
Nce4 25. Qd3 Nc5 26. Qd2 1/2-1/2

[Event "Capablanca Memorial Elite 32nd"]
[Site "Cienfuegos"]
[Date "1997.05.09"]
[Round "4"]
[White "Borges Matos, Juan R"]
[Black "Spraggett, Kevin"]
[Result "1/2-1/2"]
[WhiteElo "2500"]
[BlackElo "2580"]
[Annotator "Avrukh,B"]
[PlyCount "105"]
[EventDate "1997.05.05"]
[EventType "tourn"]
[EventRounds "11"]
[EventCountry "CUB"]
[EventCategory "12"]
[SourceTitle "CBM 059"]
[Source "ChessBase"]
[SourceDate "1997.08.01"]
[SourceVersion "1"]
[SourceVersionDate "1997.08.01"]
[SourceQuality "1"]

1. d4 Nf6 2. c4 e6 3. Nf3 b6 4. g3 Ba6 5. Qa4 Bb7 6. Bg2 c5 7. dxc5 Bxc5 8. O-O
O-O 9. Nc3 Be7 10. Rd1 a6 11. Bf4 d6 12. Rd2 {[%csl Gd6]} (12. Rac1 Qc7 13. Qb4
Ne8 14. Na4 Nd7 15. Qd2 Nc5 (15... e5 16. Bg5 Bxg5 17. Qxg5 Nef6 18. Nc3 Nc5
19. Qd2 Rfd8 20. b4 Nce4 21. Nxe4 Bxe4 22. Nh4 Bxg2 23. Nxg2 a5 24. a3 axb4 25.
axb4 $14 {1-0 Burmakin,V-Petran,P/Zalakaros op 1992 (36)}) 16. Nc3 Ne4 17. Nxe4
Bxe4 18. Ne1 Bxg2 19. Nxg2 h6 20. Qd3 Qb7 21. Ne1 Rc8 22. Qf3 Qd7 23. Qb3 Qc6
24. Qf3 Qd7 25. Qb3 Qc6 26. Qf3 {1/2-1/2 Hansen Lars Bo-Onischuk Alexander/
Bundesliga nd) North 1995}) 12... Qc7 13. Rad1 Rd8 14. Ng5 {[%cal Gg5e4]} (14.
Ne1 Bxg2 15. Nxg2 Nc6 16. Bg5 Na5 17. Ne3 h6 18. Bxf6 Bxf6 19. Ne4 Be7 20. Rc2
Qb7 $11 {Boensch,U-Stempin,P/Polanica Zdroj 1987/1-0 (61)}) (14. Qc2 h6 15. e4
Nh5 16. Be3 Nd7 17. b3 Rac8 18. a4 Nhf6 19. Bf4 Ne5 20. Nxe5 dxe5 21. Rxd8+
Bxd8 22. Be3 Be7 23. f3 Nd7 {and black is O.K. Grivas,E-Ionescu,C/Dubai olm
1986/0-1 (60) .}) (14. Qb3 Ne8 15. e4 Nd7 16. e5 Nxe5 17. Nxe5 dxe5 18. Rxd8
Rxd8 19. Bxe5 Qxe5 20. Bxb7 a5 $11 {1/2-1/2 Meister,P-Wegner,H/BL 1987 (27)})
14... Bxg2 15. Kxg2 Nc6 (15... e5 16. Be3 Ng4 17. Nd5 Nxe3+ 18. fxe3 Qb7 19.
Ne4 Bf8 20. Qc2 {[%cal Ge4g5]} h6 21. g4 $1 $40) 16. Nge4 Ne8 (16... Nxe4 $6
17. Nxe4 e5 {[%csl Gd5]} (17... Qb7 $2 18. Bxd6 $16) 18. Be3 Qb7 19. f3 b5 20.
Qc2 $1 (20. cxb5 axb5 21. Qb3 Na5 22. Qd5 Qxd5 23. Rxd5 Nc4 24. Bc1 f5 25. Nf2
Rxa2 26. Rxb5 Kf7 $11) 20... Nb4 21. Qc3 (21. Qb1 d5 22. cxd5 Nxd5 $11) 21...
bxc4 (21... d5 22. Nc5 Bxc5 23. Bxc5 $16) 22. a3 d5 23. Nc5 Bxc5 24. Bxc5 Nc6
25. Rxd5 Rxd5 26. Rxd5 {with advantage.}) 17. Bg5 $146 (17. g4 Na5 18. b3 Nb7
19. f3 Kf8 $1 20. Bg3 $6 (20. Qa3 $142 $10) 20... Qc8 $1 {ףa4} 21. Bf2 b5 22.
cxb5 axb5 23. Qxb5 d5 24. Na4 Ra5 25. Qb6 dxe4 26. Rxd8 exf3+ 27. exf3 Bxd8 28.
Rxd8 Qxd8 29. Qxb7 Rd5 $17 {Zaltsman,V-Arnason,J/New York 1986}) 17... f6 (
17... Bxg5 $5 18. Nxg5 h6 (18... Ne5 19. Rd4 (19. Qc2 h6 (19... Nf6 $2 20. Nce4
Qb7 21. f3 $16) 20. Qh7+ Kf8 $17) 19... Rdc8 20. Qc2 h6 21. Qh7+ Kf8 $13) 19.
Nf3 (19. Nge4 $2 f5 $19) 19... Na5 20. Rd4 (20. b3 $2 b5) 20... Rdc8 21. Nd2
$11) 18. Be3 (18. Bf4 $143 Na5 $1 19. b3 (19. Rd4 Qb7 (19... e5 20. Nd5 Qb7 21.
b4 exd4 22. bxa5 f5 23. Qc6 $1 Rd7 24. Qxb7 Rxb7 25. Nxb6 Rxb6 26. axb6 fxe4
27. Rxd4 $44 (27. c5 $2 g5 $1 $19)) 20. b4 Nxc4 $19) 19... f5 20. Ng5 b5 21.
Qa3 (21. cxb5 Qxc3 22. Nxe6 Rdb8 $17) 21... Bxg5 22. Bxg5 Rdb8 $17) 18... Ne5
19. Rd4 Rdc8 20. Nd2 f5 21. f3 Bf6 22. Bf2 {[%cal Ge2e4]} Nc6 23. Rd3 Na5 24.
e4 g6 25. Bd4 Bxd4 (25... Nxc4 $2 26. Qxc4 (26. Nxc4 $2 b5 $17) 26... Qxc4 27.
Nxc4 Rxc4 28. Bxf6 Nxf6 29. exf5 gxf5 30. Rxd6 $16) 26. Rxd4 Nc6 27. Rd3 Ne5
28. Rd4 Nf6 29. Qa3 (29. f4 Nf7 $1 $15 (29... Nc6 30. Rd3) (29... Ned7 30. Nb3
$14 {[%csl Gd6]}) (29... Neg4 30. Nf1)) 29... Rd8 30. exf5 gxf5 31. Ne2 {
[%cal Ga3e3]} Nc6 (31... Ng6 32. Nf1 {[%csl Gd6]}) (31... b5 $5 32. Nf4 Qe7 (
32... Kf7 33. Qb3 {[%csl Gb3,Gf7][%cal Gb3f7]}) 33. Qb3 (33. cxb5 axb5 34. Qb3
d5 35. Re1 Nc6 36. Rd3 Rd6 $15) 33... Nfd7 34. cxb5 Nc5 35. Qe3 axb5 36. b4 $13
) 32. Rh4 (32. Rd3 e5 $6 (32... Ne5 $11) (32... b5 33. Nf4) 33. Nf1 {[%csl Gd6]
[%cal Gf1e3]}) 32... Ne5 33. Qe3 {After this move black is succesful to
consolidate it's own position,but white still hold equality.} (33. Rd4 $11)
33... Re8 34. Rh6 $2 (34. Qg5+ Qg7 (34... Kf7 35. Rh6 $36) 35. Qxg7+ Kxg7 36.
Rd4 $11) 34... Qg7 35. Rh4 b5 36. b3 Rad8 37. Nf4 $2 (37. Rd4 Nc6 38. Rh4 (38.
Rd3 Nb4) 38... bxc4 ({now} 38... e5 {is not so good, in view of} 39. cxb5 axb5
40. Qd3) 39. Rxc4 (39. bxc4 d5 40. Qb6 Ne5 41. Rd4 Ned7 42. Qxa6 e5 {and black
gets serious intiative.}) (39. Nxc4 d5 40. Ne5 $2 d4 41. Nxd4 Nd5 $19) 39...
Nd5 40. Qf2 Ncb4 41. Nc1 $15) 37... Ng6 $1 38. Nxg6 hxg6 39. Rd4 (39. Qd3 g5
40. Rd4 d5 41. cxb5 (41. cxd5 e5 $19) 41... e5 42. Rb4 e4 43. Qe2 d4 $17) 39...
e5 40. Rd3 Qb7 $2 (40... d5 $1 41. cxd5 (41. c5 d4 42. Qg1 (42. Qf2 e4 $19)
42... Nd5 $19 {with winning position.}) 41... e4 $1 (41... Nxd5 42. Qe2 e4 $2
43. Nxe4 $1) 42. fxe4 fxe4 {and white lose material.}) 41. Kg1 Kf7 (41... d5
42. cxd5 Nxd5 (42... Rxd5 43. Rxd5 Nxd5 44. Qc5 Rc8 45. Qd6 Qb6+ 46. Qxb6 Nxb6
47. Nf1 $11) 43. Qc5 $11) 42. Re1 d5 43. cxd5 Nxd5 (43... Rxd5 44. Rxd5 Nxd5
45. Qc5 $11 Rc8 $140 $6 46. Qd6) 44. Qc5 Nf6 (44... Re7 {[%cal Ge7c7]} 45. Ne4
$1) 45. Rxd8 Rxd8 46. Qe3 Qd5 (46... Rd5 47. b4 {[%cal Gd2b3,Gb3c5]}) 47. Re2
Qd4 48. Qxd4 Rxd4 (48... exd4 49. Nf1 (49. Kf2 $143 Rc8 50. Nf1 {[%cal Ge2d2]}
Rc1 51. Rd2 Ra1 $15)) 49. Nf1 (49. Kf2 $143 Nd5 50. Ke1 Kf6 (50... Ke6 $2 51.
f4 e4 52. Nf3 $14) 51. Nf1 Nc3 52. Rc2 b4 $17) 49... Ke6 (49... e4 50. Kf2 Ke6
51. Rc2 $11) 50. Rc2 Kd7 51. Kf2 Nd5 52. Rd2 Rxd2+ (52... Nc3 $142 53. Rc2 Rd3
(53... b4 54. a3 a5 (54... Nd1+ 55. Ke1 bxa3 56. Ra2 $11)) 54. Ne3 Kd6 $15) 53.
Nxd2 1/2-1/2